| 000 | 00811nam a2200241 a 4500 | ||
|---|---|---|---|
| 999 |
_c7776 _d7776 |
||
| 001 | 7776 | ||
| 003 | BD-JhCC | ||
| 005 | 20180213182402.0 | ||
| 008 | 180213s19842007bg a|||| ||a| 001 0 ben d | ||
| 020 | _a9844832722 | ||
| 035 | _a(BD-JhCC)7776 | ||
| 040 |
_aBD-JhCC _dBD-JhCC |
||
| 041 | _aben | ||
| 082 |
_a954.92 _bZAK 1984 |
||
| 100 | _aযাকারিয়া,আবুল কালাম মোহাম্মদ. | ||
| 245 |
_aবাঙলাদেশের প্রত্নসম্পদ / _cআবুল কালাম মোহাম্মদ যাকারিয়া. |
||
| 260 |
_aঢাকা : _bদিব্য প্রকাশ ; _c1984. |
||
| 300 |
_a740 p. : _bill ; _c21 cm. |
||
| 650 | _aArcheology | ||
| 650 |
_aAntiqvities _zBangladesh |
||
| 942 |
_2lcc _cBK |
||